00319nam a2200145 a 450000500170000000800410001702000060005805000170006410000060008124500180008726000310010530000060013644000250014265000060016720140414131909.0040117s19uu xx 00 eng d a  aERbAt1 1997 a  aAt the beach. aMalaysia :bRhythm,c1997. a  aTwinkle Star Readers a